Quiz o Włoszech - Statystyki

Ogólne statystyki
  • Ten quiz został rozwiązany 59 razy
    49 od ostatniego zresetowania
  • Średni wynik to 18 z 30
Statystyki odpowiedzi
Wskazówka Odpowiedź % Poprawnych
Waluta Euro
100%
Język urzędowy Włoski
100%
Stolica Rzym
98%
Największa wyspa Sycylia
90%
Namalował obraz "Mona Lisa" Leonardo da Vinci
83%
Najpopularniejsze włoskie danie - ciasto drożdżowe z sosem pomidorowym, serem i ziołami Pizza
83%
Krzywa wieża w _____ Pizie
80%
Miasto słynące z kanałów Wenecja
78%
Liczba ludności w milionach (ok.) 59 mln
73%
Półwysep, na którym leżą Półwysep Apeniński
73%
Morze, do którego ma dostęp od południa Morze Śródziemne
71%
Pasmo górskie oddzielające półwysep od stałego kontynentu Alpy
68%
Morze, do którego ma dostęp od wschodu Morze Adriatyckie
66%
Miasto, które zostało zniszczone przez wulkan Wezuwiusz Pompeje
61%
Największy i najwyższy wulkan w Europie Etna
59%
Długie płaty makaronu zapiekane na zmianę z farszem oraz najczęściej z pomidorem Lasagne
59%
Największy partner handlowy Niemcy
56%
Najbliższe afrykańskie państwo Tunezja
54%
"I ty, Brutusie, przeciwko mnie?" - Kto wypowiedział te słowa? Juliusz Cezar
51%
Epoka zapoczątkowana we Włoszech pod koniec XIII w. Renesans
51%
Włoski podróżnik, na którego cześć nazwano Ameryki Amerigo Vespucci
49%
Najdłuższa rzeka Pad
44%
Pasmo górskie wzdłuż półwyspu Apeniny
37%
Rok dołączenia do Unii Europejskiej 1958 r.
32%
Morze, do którego ma dostęp od południowego wschodu Morze Jońskie
29%
Wszystkie włoskie słowa kończą się na __________ Samogłoskę
29%
Rok dołączenia do NATO 1949 r.
27%
Morze, do którego ma dostęp od zachodu Morze Tyrreńskie
24%
Najwyższy szczyt Mount Blanc
24%
Prezydent Sergio Mattarella
7%
Nie znaleziono quizów pasujących do podanych kryteriów
Rozkład punktacji
Procent ludzi z każdym wynikiem
Percentyl według liczby udzielonych odpowiedzi
Twoja historia wyników
Nie rozwiązałeś tego quizu od ostatniego zresetowania